00518nam a2200181Ia 45000030006000000050017000060080041000230200018000640400009000820410012000910820023001031000021001262450076001472600037002233000008002605050037002686500031003050Nust20170105110246.0161124s9999 xx 000 0 und d a0-471-08498-0 cIGIS aEnglish a551.49/01/121bPIN aGeorge F. Pinder aGroundw water Modeling using Geographical Information Systems (with CD) aUSAbJohn Wiley & Sons,Incc2002 a233 aGroundw water Modeling using GIS aGroundw water Modeling GIS